| 000 | 003580000a22001450004500 | ||
|---|---|---|---|
| 001 | 001586 | ||
| 003 | MACL | ||
| 040 | _aMACL | ||
| 090 |
_c13579 _d13578 |
||
| 100 | _aRavindra, Ravi | ||
| 245 |
_aThe Yoga Of The Christ _bThe Way To The Centure _cRavi Ravindra |
||
| 260 |
_aThe Theosophical Publishing House, _c2005 |
||
| 650 | _aReligion | ||
| 942 |
_k231 _cBook |
||
| 999 |
_c13506 _d13506 |
||